| 000 | 00655cam a22002173a 4500 | ||
|---|---|---|---|
| 001 | 42856 | ||
| 003 | PGUSA | ||
| 005 | 20140828083955.0 | ||
| 008 | 130602s2013||||xxu|||||s|||||000 | eng d | ||
| 040 |
_aPGUSA _beng |
||
| 042 | _adc | ||
| 100 | 1 |
_aWordsworth, Dorothy, _d1771-1855 |
|
| 245 | 1 | 0 |
_aJournals of Dorothy Wordsworth, Vol. I (of 2) _h[electronic resource] / _cDorothy Wordsworth |
| 260 |
_bProject Gutenberg, _c2013 |
||
| 506 | _aPublic domain in the USA. | ||
| 516 | _aElectronic text | ||
| 700 | 1 |
_aKnight, William Angus, _d1836-1916 |
|
| 830 | 0 |
_aProject Gutenberg _v42856 |
|
| 856 | 4 | 0 | _uhttp://www.gutenberg.org/ebooks/42856 |
| 942 | _cEB | ||
| 999 |
_c272108 _d272108 |
||